|
|
|
|
| LEADER |
00000nab a2200000 a 4500 |
| 001 |
vtls011110645 |
| 003 |
SK-MaSNL |
| 005 |
20260303113901.0 |
| 008 |
230121|2007 xo |||||||||||||||||slo| |
| 015 |
|
|
|a SNBRB
|
| 035 |
|
|
|a (uuid)8498b5b0-bbe3-4fee-afdf-6c95710f22a5
|
| 035 |
|
|
|a (urnnbn)urn:nbn:sk:snk:ar-a08edf
|
| 035 |
|
|
|a urn:nbn:sk:snk-ab9h3w
|
| 040 |
|
|
|a SNKBUCL
|b slo
|c SNKBUCL
|e AACR2
|
| 041 |
0 |
|
|a slo
|
| 044 |
|
|
|a xo
|c SK
|
| 100 |
1 |
|
|a Podpera, Rastislav,
|d 1976-
|4 aut
|9 67151
|
| 245 |
1 |
0 |
|a Míľniky rozvoja liturgickej a duchovnej hudby na Slovensku po roku 1990
|c Rastislav Podpera
|
| 773 |
0 |
|
|t Adoramus Te : časopis o duchovnej hudbe
|g Roč. 10, č. 1 (2007), s. 8-12
|
| 954 |
|
|
|a odborná, vedecká literatúra pôvodná (slovenská)
|2 lita
|
| 958 |
|
|
|a OND
|
| 958 |
|
|
|a EUIPO
|
| 958 |
|
|
|a article13
|
| 999 |
|
|
|c 1895621
|d 1897551
|